LEADER 01236nas 2200457- 450 001 9910286459303321 005 20210914213022.0 035 $a(DE-599)ZDB2946945-4 035 $a(OCoLC)869724073 035 $a(CKB)3710000000079158 035 $a(CONSER)--2016243208 035 $a(EXLCZ)993710000000079158 100 $a20140122a20129999 --- - 101 0 $aeng 135 $aur||||||||||| 181 $ctxt$2rdacontent 182 $cc$2rdamedia 183 $acr$2rdacarrier 200 10$aBiomath 210 1$aSofia :$cBiomath Forum,$d[2012]- 215 $a1 online resource 300 $aRefereed/Peer-reviewed 311 $a1314-684X 531 10$aBiomath (Sofia) 606 $aBiostatistics 606 $aModels, Biological 606 $aBiometry 606 $aMathematical Biology$2ebps 608 $aElectronic journals. 608 $aPeriodical. 608 $aPeriodicals.$2fast 615 12$aBiostatistics. 615 12$aModels, Biological. 615 22$aBiometry. 615 7$aMathematical Biology. 712 02$aB?lgarska akademii?a na naukite, 712 02$aUniversity of Pretoria, 906 $aJOURNAL 912 $a9910286459303321 996 $aBiomath$91998095 997 $aUNINA